Seafood Safety, Processing, and Biotechnology (Record no. 14661)
[ view plain ]
| 000 -LEADER | |
|---|---|
| fixed length control field | 00385nam a22001457a 4500 |
| 020 ## - INTERNATIONAL STANDARD BOOK NUMBER | |
| ISBN | 9781566765732 |
| 082 ## - DEWEY DECIMAL CLASSIFICATION NUMBER | |
| Classification number | 664. |
| Item number | SHA/SE |
| 245 ## - TITLE STATEMENT | |
| Title | Seafood Safety, Processing, and Biotechnology |
| 260 ## - PUBLICATION, DISTRIBUTION, ETC. (IMPRINT) | |
| Place of publication | Boca Raton |
| Name of publisher | CRC _ Taylor and Francis |
| Year of publication | 2014 |
| 300 ## - PHYSICAL DESCRIPTION | |
| Number of Pages | 266 |
| 700 ## - ADDED ENTRY--PERSONAL NAME | |
| Personal name | Shahidi,Fereidoon |
| 700 ## - ADDED ENTRY--PERSONAL NAME | |
| Personal name | Jones,Yvonne |
| 700 ## - ADDED ENTRY--PERSONAL NAME | |
| Personal name | Kitts,David D. |
| 942 ## - ADDED ENTRY ELEMENTS (KOHA) | |
| Koha item type | Books |
| Withdrawn status | Lost status | Damaged status | Collection code | Home library | Current library | Shelving location | Date acquired | Source of acquisition | Cost, normal purchase price | Full call number | Accession Number | Koha item type |
|---|---|---|---|---|---|---|---|---|---|---|---|---|
| KAUAET | KAUAET | General Stacks | 25/07/2016 | Southern Book Star, Tvm. | 2995.00 | 664. SHA/SE | 24552 | Books |
